LEADER 01215nam a2200181 i 4500 001 000000055188 003 CaOOAMICUS 005 19970619000000.0 008 970619n xx u000 u ger u 013 $a26360 040 $aSeMil$bita 100 0 $aHötschl, Calixtus : a Kelheim,$c.$0(OLS)http://semarc/name/27650 245 14$aDas absolute in Hegels dialektik :$bSein Wesen und seine Aufgabe im Hinblick auf Wesen und systematische Stellung Gottes als des Actus Purus in der aristotelischen Akt-Potenz-Metaphysik dargestellt. Dillingen-Donau : Manz, [Imprim. 1939]. ((Dissertati o ad Lauream in Facultate Philosop. 600 14$aHegel, Georg Wilhelm Friedrich <1770-1831>.$0(OLS)http://semarc/subject/3904 650 4$aTesi di laurea.$0(OLS)http://semarc/subject/1690 850 $aSeMil 852 $aSeMil$W1$xVenegono$y1$m2I II 372$j21342$B21342$CSeMilBibl$Z2$F21344 $81 996 $6245$aDas absolute in Hegels dialektik :$bSein Wesen und seine Aufgabe im Hinblick auf Wesen und systematische Stellung Gottes als des Actus Purus in der aristotelischen Akt-Potenz-Metaphysik dargestellt. Dillingen-Donau : Manz, [Imprim. 1939]. ((Dissertati o ad Lauream in Facultate Philosop$9(OLS)http://semarc/title/85557 LEADER 00987nam a2200217 i 4500 001 000000080599 003 CaOOAMICUS 005 20170628000000.0 008 170628s2016 it u000 u ita u 013 $a52837 040 $aSeMil$bita 100 1 $aMariano, Giovanni <1946- >.$0(OLS)http://semarc/name/89296 245 13$aLa maledizione del fico :$blettera ai Casorettini, confidenziale e piena di speranza /$cGiovanni Mariano. 260 $aMilano :$bEdizioni del Giornale dell'Abbazia,$c2016. 300 $a44 p. ;$c21 cm. 650 4$aEpistolari cristiani.$0(OLS)http://semarc/subject/1101 850 $aSeMil 852 $aSeMil$W1$xVenegono$y1$m5B III 47/13$j46039$B46039$CSeMilBibl$Z2$F48196 $81 961 $aOmaggio: Fumagalli don Aristide 996 $6245$aLa maledizione del fico :$blettera ai Casorettini, confidenziale e piena di speranza$9(OLS)http://semarc/title/404023 996 $6260$aMilano :$bEdizioni del Giornale dell'Abbazia$9(OLS)http://semarc/publisher/38785